000 00216nam a22000857a 4500
008 170113b xxu||||| |||| 00| 0 eng d
100 _92385
_aSawhney.P.
245 _aScience Manuel-CCE-VIII
260 _aNew Delhi
_bAPC
_c2010
999 _c5391
_d5391